000 01370aab a2200241 i 4500
001 768714001
003 CO-MdFUSB
005 20240711144756.0
008 240711t2001 sz ||||| |||| 00| 0 eng d
040 _bspa
_cCO-MdFUSB
041 _aeng
100 1 _aFröchtling, Drea
_eautor
245 _aRe-membering Christ crucified and living
_c/ Drea Fröchtling
520 _aEste artículo intenta esbozar algunas de las características principales de una liturgia de protesta como reacción y acción contra la violencia estructural, la exclusión y la opresión y las múltiples formas de muerte, que van desde lo espiritual a lo físico. Tomará como punto de partida el aspecto de la memoria -de memoria peligrosa, como dice Metz- y explorará las nociones de confesión, participación y esperanza como elementos constitutivos de una liturgia de protesta antes de concluir con algunos comentarios sobre una liturgia litúrgica, marco dentro del proceso de pacto por la justicia en la economía y la tierra.
546 _aTexto en inglés.
650 7 _aLiturgia
_9206
650 2 _aSacramentos (Liturgia)
_91174
650 0 _aAdoración
_91066
650 7 _aCristología
_9239
773 0 _tReformed World
_049396
_959516
_gVolumen 51, (número 3, 2001) páginas: 103 - 115
_qpágina: 103
942 _cANA
945 _aCatherine Arias Álvarez - Practicante SENA
999 _c55600
_d55600